Missing Word: Monopoly Squares (A-Z) Quiz Stats

 Plays Quiz Updated Aug 27, 2017

Challenge
Share
Tweet
Embed
Score 0/20 Timer 03:00
0 Plays Today
Monopoly Square Missing Word % Correct
Go to _____Jail
97%
_____ Carolina AvenueNorth
95.8%
Atlantic _____Avenue
95.6%
_____ ParkingFree
94.2%
New _____ AvenueYork
92.6%
_____ Charles PlaceSt.
91.5%
Park _____Place
91.5%
Community _____Chest
91.4%
_____ CompanyElectric
91.2%
_____ TaxIncome
90.6%
Monopoly Square Missing Word % Correct
Water _____Works
90%
Reading _____Railroad
88.3%
Luxury _____Tax
87.5%
Marvin _____Gardens
86.8%
Short _____Line
81.5%
_____ AvenueVentnor
77.3%
_____ RailroadB&O
73.7%
_____ AvenueKentucky
72.1%
_____ AvenueOriental
46.6%
_____ AvenueMediterranean
31.1%

Today's Daily Dose

Word Ladder
Bruno Mars Song

Get the Picture
Japanese Cars

You're not logged in!

Compare scores with friends on all Sporcle quizzes.
OR
Log In

You Might Also Like...

Show Comments

Extras

Top Quizzes Today


Score Distribution

Your Account Isn't Verified!

In order to create a playlist on Sporcle, you need to verify the email address you used during registration. Go to your Sporcle Settings to finish the process.

Report this User

Report this user for behavior that violates our Community Guidelines.

Details: